| 000 | 03243naa a2200349Ia 4500 | ||
|---|---|---|---|
| 003 | OSt | ||
| 005 | 20260416112813.0 | ||
| 008 | 260416s2017 xx 000 0 und d | ||
| 040 |
_aFoundation University _bEng _cFoundation University _erda |
||
| 050 |
_aCBA (FinMgt-FS) LG 221 D35 B87 _bA5 B87 F56 2017 A86 |
||
| 099 | _a799 | ||
| 100 |
_aAsonio, Jocelyn S. _91517 _eauthor. |
||
| 245 | 1 | 0 |
_aA feasibility study in the establishment of Nato's Best Boneless lechon in Cervantes St., Dumaguete City / _cby Jocelyn S. Asonio, Frince Ann D. Daniel, Phoebe Joy F. Generoso, Marvie I. Tindog and Marrisa B. Ybarrita |
| 264 |
_aDumaguete City _bFoundation Uiniversity, _c2017. _42017. |
||
| 300 |
_avii, 116 leaves : _bill. (chiefly color) ; _c28 cm. _3volume _fresource |
||
| 336 |
_2rdacontent _atext _btxt |
||
| 337 |
_2rdamedia _aunmediated _bn |
||
| 338 |
_3rdacarrier _avolume _bnc |
||
| 502 | _eUndergraduate feasibility (BS in Administration Major in Financial management ) - - Foundation University, 2017. | ||
| 504 | _aIncludes bibliographical references and appendices. | ||
| 520 | _aABSTRACT A Feasibility Study on the Establishnment of Nato's Best Boneless Lechon Title: in Cervantes St., Dumaguete City Asonio, Jocelyn S. Author: -Daniel, Frince Ann -Generoso, Phoebe Joy F. -Tindog, Marvie Joy I. -Ybarrita, Marissa B. Bachelor of Science in Business Administration Major in Course: Financial Management Foundation University School: School Address: Dr. Meciano Rd., Dumaguete City, Province of Negros Oricntal 2017-2018 Year: The proposed business is about the Establishment of Nato's Best Boneless Lechon. The respondents of the study are the residences of Dumaguete City, Bacong and Valencia with a total number of respondents of three hundred ninety nine (399). A research designed questionnaire was made in order to scout out first hand and necessary information of the study to meet its objectives and answer the problem. The main objective of the study is to determine the feasibility of Establishing the proposed business. Specifically, it aims to consider the functional arcas of the business such as marketing, management, technical, socio-economic and financial are viable and workable. The results showed that there is the presence of demand as illustrated in the marketing aspects. The job analysis is developed under the management aspects. All equipments and supplies are determined in the technical aspects. Financial projections are as well favourable for the business with approximately 3 years of return on investment. | ||
| 650 |
_aRoasted pork industry _zPhilippines. _915516 |
||
| 650 |
_aFood service _zPhilippines. _915517 |
||
| 650 |
_aSmall business _zPhilippines. _914619 |
||
| 650 |
_aFeasibility studies. _913723 |
||
| 658 |
_aProject Feasibility Study : _bAdministration Major in Financial Management Bachelor of Science in ; _cFSB301 |
||
| 700 |
_aDaniel Frince Ann D., _qco-author _915518 |
||
| 700 |
_aGeneroso Phoebe Joy F., _qco-author _915519 |
||
| 700 |
_a Tindog Marvie I., _eco-author _915520 |
||
| 700 |
_aYbarrita Marrisa B., _eco-author _915521 |
||
| 942 |
_2lcc _cFS _hLG 221 D35 B87 _iA5 B87 F56 2017 A86 _kCBA (FinMgt-FS) |
||
| 999 |
_c5745 _d5745 |
||